Problemas nuevos de la democracia
Uloženo v:
| Hlavní autor: | |
|---|---|
| Médium: | Kniha |
| Jazyk: | španělština |
| Vydáno: |
Buenos Aires, Argentina
Emecé
1977
|
| Témata: | |
| Tagy: |
Přidat tag
Žádné tagy, Buďte první, kdo vytvoří štítek k tomuto záznamu!
|
MARC
| LEADER | 00000nam a2200000 a 4500 | ||
|---|---|---|---|
| 001 | UCT6864 | ||
| 003 | CL-VaPUC | ||
| 005 | 20210831074610.0 | ||
| 008 | 970113e19770000AG |||||||||||||||||spa|d | ||
| 999 | |c 255534 |d 255532 | ||
| 040 | |c Pontificia Universidad Católica de Valparaíso | ||
| 082 | 0 | 4 | |a 321.8 BOO 1977 |2 21 |
| 100 | |a Boorstin, Daniel J |9 484883 | ||
| 245 | 1 | 0 | |a Problemas nuevos de la democracia |
| 260 | 0 | 3 | |a Buenos Aires, Argentina |b Emecé |c 1977 |
| 300 | |a 185 páginas | ||
| 583 | |a last modification |c 19970113 00:00:00 |k Rodrigo Vera | ||
| 650 | 0 | |a Democracia |9 255256 | |
| 650 | 7 | |a SISTEMAS POLITICOS |2 CL-VaPUC |9 377169 | |
| 650 | 0 | |a Doctrinas políticas |9 255835 | |
| 650 | 7 | |a TEORIA POLITICA |2 CL-VaPUC |9 377170 | |
| 942 | |c BK |2 ddc | ||
| 945 | |d 19970113 00:00:00 |a paguirre | ||
| 952 | |0 0 |1 0 |2 ddc |4 0 |6 321_800000000000000_BOO_1977 |7 0 |8 A |9 277803 |a BIBDER |b BIBDER |d 2019-11-19 |i 1803484 |o 321.8 BOO 1977 |p 1803484 |r 2023-01-25 |t 1 |w 2019-11-19 |y BK |k DER | ||